00501nam a2200193 a 4500001001300000003000900013005001700022008004100039020001000080082001600090100002200106245003300128260003900161300000900200500003500209505002000244650002100264700002200285nice12345678IN_TiNIC20260116013019.0050524s1982 boma grp 000 0 eng  ac10000a922.97bTYA aTyabji, Hussain B aBadruddin Tyabjib Biography aBombaybThacker and Co., Ltdc1982 a410p aincludes index and biblioraphy2 aAppendix, Index aBadruddin Tyabji1 aTyabji, Hussain B